00482 a2200133 4500020001800000050002000018100003500038245008600073264004900159264001200208300002100220500009200241650001500333 a9780981899299 aPR9898 MUF 20141 aMufuka, K. Nyamayaro,eauthor.10aSecondment :blife and letters from America /cwritten by Kenneth N. Mufuka, PhD. 1aDonalds, SC :bVoice of Truths, LLC,c[2014] 4c♭2014 axii, 240 pages ; aStatement of responsibility appears on title page as: "written by KennethN.Mufaka,PhD." asecondment